Gminy w województwie Pomorskim - Statystyki

Ogólne statystyki
  • Ten quiz został rozwiązany 9 razy
  • Średni wynik to 40 z 111
Statystyki odpowiedzi
Powiat Rodzaj gminy odpowiedź % Poprawnych
Powiat Chojnicki miejsko-wiejska Chojnice
100%
Powiat Kartuski miejsko-wiejska Kartuzy
83%
Powiat Sztumski miejsko-wiejska Sztum
83%
Powiat Gdański miejska Gdańsk
67%
Powiat Gdański miejska Gdynia
67%
Powiat Pucki miejska Hel
67%
Powiat Pucki miejsko-wiejska Jastarnia
67%
Powiat Kościerski miejsko-wiejska Kościerzyna
67%
Powiat Kwidzyński miejsko-wiejska Kwidzyń
67%
Powiat Nowodworski miejsko-wiejska Nowy Dwór Gdański
67%
Powiat Pucki miejsko-wiejska Puck
67%
Powiat Wejherowski miejska Rumia
67%
Powiat Słupsk miejska Słupsk
67%
Powiat Starogardzki miejsko-wiejska Starogard Gdański
67%
Powiat Tczewski miejsko-wiejska Tczew
67%
Powiat Wejherowski miejsko-wiejska Wejherowo
67%
Powiat Pucki miejsko-wiejska Władysławowo
67%
Powiat Chojnicki miejsko-wiejska Brusy
50%
Powiat Bytowski miejska Bytów
50%
Powiat Chojnicki miejsko-wiejska Czersk
50%
Powiat Człuchowski miejsko-wiejska Człuchów
50%
Powiat Kościerski wiejska Karsin
50%
Powiat Pucki wiejska Krokowa
50%
Powiat Nowodworski miejska Krynica Morska
50%
Powiat Lęborski miejska Łeba
50%
Powiat Lęborski miejska Lębork
50%
Powiat Wejherowski wiejska Luzino
50%
Powiat Malborski miejsko-wiejska Malbork
50%
Powiat Bytowski miejsko-wiejska Miastko
50%
Powiat Wejherowski miejska Reda
50%
Powiat Gdański miejska Sopot
50%
Powiat Kościerski wiejska Stara Kiszewa
50%
Powiat Nowodworski wiejska Stegna
50%
Powiat Bytowski wiejska Studzienice
50%
Powiat Wejherowski wiejska Szemud
50%
Powiat Słupski miejsko-wiejska Ustka
50%
Powiat Kartuski miejsko-wiejska Żukowo
50%
Powiat Bytowski wiejska Borzytuchom
33%
Powiat Wejherowski wiejska Choczewo
33%
Powiat Bytowski wiejska Czarna Dąbrówka
33%
Powiat Starogardzki miejsko-wiejska Czarna Woda
33%
Powiat Człuchowski miejsko-wiejska Czarne
33%
Powiat Słupski wiejska Dębnica kaszubska
33%
Powiat Człuchowski miejsko-wiejska Debrzno
33%
Powiat Sztumski miejsko-wiejska Dzierzgoń
33%
Powiat Tczewski miejsko-wiejska Gniew
33%
Powiat Człuchowski wiejska Koczała
33%
Powiat Bytowski wiejska Kołczygłowy
33%
Powiat Chojnicki wiejska Konarzyny
33%
Powiat Pucki wiejska Kosakowo
33%
Powiat Kościerski wiejska Liniewo
33%
Powiat Bytowski wiejska Lipnica
33%
Powiat Kościerski wiejska Lipusz
33%
Powiat Sztumski wiejska Mikołajki Pomorskie
33%
Powiat Kościerski wiejska Nowa Karczma
33%
Powiat Bytowski wiejska Parchowo
33%
Powiat Tczewski miejsko-wiejska Pelplin
33%
Powiat Kwidzyński miejsko-wiejska Prabuty
33%
Powiat Gdański miejsko-wiejska Pruszcz Gdański
33%
Powiat Człuchowski wiejska Przechlewo
33%
Powiat Kwidzyński wiejska Ryjewo
33%
Powiat Człuchowski wiejska Rzeczenica
33%
Powiat Kartuski wiejska Sierakowice
33%
Powiat Starogardzki miejsko-wiejska Skarszewy
33%
Powiat Kartuski wiejska Somonino
33%
Powiat Sztumski wiejska Stary Dzierzgoń
33%
Powiat Sztumski wiejska Stary Targ
33%
Powiat Kartuski wiejska Stężyca
33%
Powiat Gdański wiejska Suchy Dąb
33%
Powiat Kartuski wiejska Sulęczyno
33%
Powiat Nowodworski wiejska Sztutowo
33%
Powiat Bytowski wiejska Trzebielino
33%
Powiat Bytowski wiejska Tuchomie
33%
Powiat Starogardzki wiejska Bobowo
17%
Powiat Gdański wiejska Cedry Wielkie
17%
Powiat Lęborski wiejska Cewice
17%
Powiat Kartuski wiejska Chmielno
17%
Powiat Słupski wiejska Damnica
17%
Powiat Kwidzyński wiejska Gardeja
17%
Powiat Słupski wiejska Główczyce
17%
Powiat Wejherowski wiejska Gniewino
17%
Powiat Starogardzki wiejska Kaliska
17%
Powiat Słupski miejsko-wiejska Kępice
17%
Powiat Słupski miejsko-wiejska Kobylnica
17%
Powiat Gdański wiejska Kolbudy
17%
Powiat Wejherowski wiejska Łęczyce
17%
Powiat Malborski wiejska Lichnowy
17%
Powiat Wejherowski wiejska Linia
17%
Powiat Starogardzki wiejska Lubichowo
17%
Powiat Malborski wiejska Miłoradz
17%
Powiat Tczewski wiejska Morzeszczyn
17%
Powiat Lęborski wiejska Nowa Wieś Lęborska
17%
Powiat Malborski miejsko-wiejska Nowy Staw
17%
Powiat Starogardzki wiejska Osieczna
17%
Powiat Starogardzki wiejska Osiek
17%
Powiat Nowodworski wiejska Ostaszewo
17%
Powiat Słupski wiejska Potęgowo
17%
Powiat Kartuski wiejska Przodkowo
17%
Powiat Gdański wiejska Przywidz
17%
Powiat Gdański wiejska Pszczółki
17%
Powiat Słupski wiejska Redzikowo
17%
Powiat Kwidzyński wiejska Sadlinki
17%
Powiat Starogardzki miejsko-wiejska Skórcz
17%
Powiat Starogardzki wiejska Smętowo Graniczne
17%
Powiat Słupski wiejska Smołdzino
17%
Powiat Malborski wiejska Stare Pole
17%
Powiat Tczewski wiejska Subkowy
17%
Powiat Gdański wiejska Trąbki Wielkie
17%
Powiat Lęborski wiejska Wicko
17%
Powiat Starogardzki wiejska Zblewo
17%
Powiat Kościerski wiejska Dziemany
0%
Nie znaleziono quizów pasujących do podanych kryteriów
Rozkład punktacji
Procent ludzi z każdym wynikiem
Percentyl według liczby udzielonych odpowiedzi
Twoja historia wyników
Nie rozwiązałeś tego quizu